000 00720nam a2200205 i 4500
001 151501
003 ES-MaACL
005 20230906204228.0
008 040721s1871 gw |||| | eng d
040 _aCAM
_bspa
_cCAM
100 1 _aLawrence, George Alfred.
_9160321
245 1 0 _aAnteros
_b: a novel /
_cby the author of "Guy Livingstone".
260 _aLeipzig :
_bBernhard Tauchnitz,
_c1871.
300 _a2 v. (311; 296 p.) ;
_c16 cm.
490 1 _aCollection of British Authors ;
_v1145; 1146
594 _aEl encabezamiento tomado de B. M. Cat.
830 0 _aCollection of British Authors ;
_v1145; 1146
_9180703
852 _aES-MaACL
_jG-12821
_z-- Enc. hol
_z-- Enc. 2 t. en 1 v.
999 _c151501
_d151501